00866nam a2200265 a 4500001000500000005001700005020001500022040001800037050002300055082001300078100001700091245004900108260005100157300005600208490003300264500003100297500005200328505000800380520010000388521002000488521002000508650002400528650002200552700002600574115120230908143458.0 a030796017X aDLCcDLCbeng00aPZ7.M459bJux 199300aFic 2201 aMayer, Gina.10aJust say please /cby Gina and Mercer Mayer. aRacine, Wis. :bPublishing Company,Inc.c1993. a23 unnumbered pages :bcolor illustrations ;c21 cm1 aA little golden bookvBook 5 a"A Golden book, New York." a"Mercer Mayer's little critter"--P. 4 of cover. aI  aLiitle Critter learns about good manners at school and tries to put them into practice at home. a450 bLexile  aI bRaz-Plus  1aEtiquettexFiction. 1aSchoolsxFiction.1 aMayer, Mercer,d1943-